00851nam a22001817a 4500003000900000008004100009040007100050082002000121100003000141245010200171260003100273300005300304505021300357650002400570650002800594650002000622700002700642AR-CdUCM190322b ||||| |||| 00| 0 spa d aMUNICIPALIDAD PROVINCIAL DEL CUSCOcBIBLIOTECA MUNICIPAL DEL CUSCO a624.1513 /bR53 aRico Rodríguez, Alfonso aLa ingeniería de los suelos en las vías terrestres :bCarreteras,ferrocarriles y aeropistas / aMéxico :bLimusa,c1976. a2v.bIlustraciones. tablas desplegables,c24 cm. aContenido : v.1: Breves nociones de mecánica de suelos - Clasificación de suelos desde el punto de vista de las vías terrestres... -- v.2: Cimentaciones para estructuras viales - Pavimentos flexibles... aIngeniería civil  aIngeniería de suelos  aConstrucción  aHermilio del Castillo